| 000 | 00580nam a2200205 a 4500 | ||
|---|---|---|---|
| 005 | 20240810063712.0 | ||
| 008 | 991125s1988 mx 000 0 spa u | ||
| 020 | _a9682105765 | ||
| 035 | _aUPN01000036576 | ||
| 049 | _aCG | ||
| 050 | 4 | _aRC1200 N4.48 | |
| 100 | 1 | _aNehberg, Rudiger | |
| 245 | 1 | 0 |
_aManual del aventurero 2 : _bmedicina de supervivencia / _cRüdiger Nehberg ; tr. Catalina Ginard |
| 260 |
_aMéxico : _bRoca, _c1988 |
||
| 300 | _a254 p. | ||
| 650 | 4 |
_aMEDICINA DEPORTIVA _915328 |
|
| 650 | 2 |
_aPrimeros auxilios _97661 |
|
| 904 |
_aAC _b036577 |
||
| 905 | _aLibro | ||
| 999 |
_c36576 _d36576 |
||